Normal view
MARC view
Entry Topical Term
001 - CONTROL NUMBER
- control field: 16231
003 - CONTROL NUMBER IDENTIFIER
- control field: ARRUPE
005 - DATE AND TIME OF LATEST TRANSACTION
- control field: 20150311164948.0
008 - FIXED-LENGTH DATA ELEMENTS
- fixed length control field: 150311|| aca||aabn | a|a d
040 ## - CATALOGING SOURCE
- Original cataloging agency: ARRUPE
- Transcribing agency: ARRUPE
150 ## - HEADING--TOPICAL TERM
- Topical term or geographic name as entry element: Technology and civilization
670 ## - SOURCE DATA FOUND
- Source citation: Work cat.: (ARRUPE): Fuller, R.B 16230, Operating manual for spaceship earth, 1969